000 00355pam a2200157a 44500
008 230515b1980 xxu||||| |||| 00| 0 eng d
020 _aNULL
041 _aENGL
082 _a681.76041 /BED
100 _aBEDNAR H.H.
245 _aPRESSURE VESSEL DESIGN HANDBOOK
250 _a2
260 _aNULL
_bC.B.S
_c1980
300 _a431 HB
650 _aNULL
999 _c620208
_d620208